000 00335nam a2200169Ia 4500
100 _aBernier/Samuel N
650 _a3d printing
942 _cBK
366 _f20
654 _a3d printing
245 _aMake:Design for 3D printing
260 _bSPD
_c2018
082 _bBER
300 _a149
546 _aENGLISH
999 _c27065
_d27065